| 000 | 00490nam a2200193 a 4500 | ||
|---|---|---|---|
| 001 | 14811 | ||
| 003 | CO-ViMGA | ||
| 008 | 141112s2004 ck r 000 u spa d | ||
| 020 | _a9589005047 | ||
| 040 |
_aCO-ViMGA _bspa _cCO-ViMGA |
||
| 082 | 0 | 4 |
_aFr863 _bM157 |
| 100 | 1 |
_aMantilla Trejos, Eduardo _910652 |
|
| 245 | 1 | 0 | _aLENCHO ALFARO |
| 260 |
_aBogotá, _cImpresor ltda, _c1986 |
||
| 300 | _a106.p. | ||
| 500 | _aEn : Fr Co 863 M157 | ||
| 650 | 1 | 4 |
_aNOVELA LLANERA _910653 |
| 942 |
_2ddc _cBK |
||
| 999 |
_c25299 _d25299 |
||